| 000 | 00383nam a2200097Ia 4500 | ||
|---|---|---|---|
| 008 | 180130s9999 xx 000 0 und d | ||
| 245 |
_cValdivia-Garcia, H.; Nagappan, M. _aDiversity in software engineering research |
||
| 260 | _c2016 | ||
| 300 | _aBook title: Perspectives on data science for software engineering--Acession number C20893; pages 295-298 | ||
| 650 | _aSOFTWARE ENGINEERING | ||
| 999 |
_c354332 _d354332 |
||